000 00434nmm a2200145Ia 4500
008 251105s9999||||xx |||||||||||||||||und||
041 _aspa
100 _aCouto Corrêa, Fabiano
245 0 _aGestión de datos de investigación
264 _a[Madrid, España] :
_bUniversitat Oberta de Catalunya,
_c2017
300 _a164 páginas
650 _aSciences
856 _uhttps://public.digitaliapublishing.com/a/47348
942 _cCF
999 _c106534
_d106534